<?xml version="1.0" encoding="UTF-8"?>
<record
    xmlns:xsi="http://www.w3.org/2001/XMLSchema-instance"
    xsi:schemaLocation="http://www.loc.gov/MARC21/slim http://www.loc.gov/standards/marcxml/schema/MARC21slim.xsd"
    xmlns="http://www.loc.gov/MARC21/slim">

  <leader>01411naa a2200253 i 4500</leader>
  <controlfield tag="001">3377</controlfield>
  <controlfield tag="003">KOSZ 005</controlfield>
  <controlfield tag="005">20180214093837.0</controlfield>
  <controlfield tag="008">150603s2005    pl     f     |100 0 pol</controlfield>
  <datafield tag="040" ind1=" " ind2=" ">
    <subfield code="c">BPK</subfield>
    <subfield code="d">KOSZ 005/EG</subfield>
  </datafield>
  <datafield tag="080" ind1=" " ind2=" ">
    <subfield code="a">620.193</subfield>
  </datafield>
  <datafield tag="100" ind1="1" ind2=" ">
    <subfield code="a">HRYNIEWICZ, Tadeusz.</subfield>
    <subfield code="d">1996 - .</subfield>
    <subfield code="b">Politechnika Koszali&#x144;ska - Wydzia&#x142; Mechaniczny,</subfield>
    <subfield code="c">Katedra Elektrotechniki i Elektrochemii </subfield>
  </datafield>
  <datafield tag="245" ind1="1" ind2="0">
    <subfield code="a">Szum elektrochemiczny jako narz&#x119;dzie do monitoringu szybko&#x15B;ci korozji /</subfield>
    <subfield code="c">Tadeusz Hryniewicz, Krzysztof Rokosz.</subfield>
  </datafield>
  <datafield tag="246" ind1="3" ind2="1">
    <subfield code="a">Elektrochemical noise as a tool for corrosion rate monitoring</subfield>
  </datafield>
  <datafield tag="500" ind1=" " ind2=" ">
    <subfield code="a">Dane z autopsji.</subfield>
  </datafield>
  <datafield tag="520" ind1=" " ind2=" ">
    <subfield code="a">W artykule autorzy podj&#x119;li pr&#xF3;b&#x119; pokazania jak nale&#x17C;y interpretowa&#x107; szum elektrochemiczny za pomoc&#x105; zar&#xF3;wno statystyki jak i parametr&#xF3;w chropowato&#x15B;ci.</subfield>
  </datafield>
  <datafield tag="650" ind1=" " ind2="0">
    <subfield code="a">Korozja i erozja.</subfield>
  </datafield>
  <datafield tag="650" ind1=" " ind2="0">
    <subfield code="a">Elektrochemia.</subfield>
  </datafield>
  <datafield tag="655" ind1=" " ind2="0">
    <subfield code="a">Materia&#x142;y konferencyjne.</subfield>
  </datafield>
  <datafield tag="700" ind1="1" ind2=" ">
    <subfield code="a">ROKOSZ, Krzysztof.</subfield>
    <subfield code="d">2002 - . </subfield>
    <subfield code="b">Politechnika Koszali&#x144;ska - Wydzia&#x142; Mechaniczny,</subfield>
    <subfield code="c">Katedra Elektrotechniki i Elektrochemii</subfield>
  </datafield>
  <datafield tag="711" ind1="2" ind2="2">
    <subfield code="a">S&#x142;upskie Forum Motoryzacji</subfield>
    <subfield code="n">(8 ;</subfield>
    <subfield code="d">2005 ;</subfield>
    <subfield code="c">S&#x142;upsk, Polska).</subfield>
  </datafield>
  <datafield tag="773" ind1="0" ind2=" ">
    <subfield code="i">W :</subfield>
    <subfield code="t">VIII Konferencja naukowo-techniczna nt. Wsp&#xF3;&#x142;czesne technologie w motoryzacji a bezpiecze&#x144;stwo ruchu drogowego : S&#x142;upsk 24.5.2005 / pod red. Leona Kukie&#x142;ki. -</subfield>
    <subfield code="d">S&#x142;upsk : Starostwo Powiatowe w S&#x142;upsku, 2005. -</subfield>
    <subfield code="g">s. 103-110</subfield>
  </datafield>
  <datafield tag="942" ind1=" " ind2=" ">
    <subfield code="c">ROZ</subfield>
    <subfield code="2">UKD</subfield>
  </datafield>
  <datafield tag="999" ind1=" " ind2=" ">
    <subfield code="c">3377</subfield>
    <subfield code="d">3377</subfield>
  </datafield>
  <datafield tag="952" ind1=" " ind2=" ">
    <subfield code="0">0</subfield>
    <subfield code="1">0</subfield>
    <subfield code="4">0</subfield>
    <subfield code="7">0</subfield>
    <subfield code="a">BPK</subfield>
    <subfield code="b">BPK</subfield>
    <subfield code="o">76403</subfield>
    <subfield code="y">ROZ</subfield>
  </datafield>
</record>
